[Event "European Chess Club Cup 2023"]
[Site "Durres, Albania"]
[Date "2023.10.07"]
[Round "7.47"]
[White "Barthel, Ansgar"]
[Black "Vogt, Lothar"]
[Result "0-1"]
[TimeControl "90' + 30' & 30\""]
[WhiteElo "2056"]
[BlackElo "2286"]

1. e4 {[%clk 01:30:57]} {[%emt 00:00:02]} c5 {[%clk 01:30:58]} {[%emt
00:00:02]} 2. Nf3 {[%clk 01:31:19]} {[%emt 00:00:08]} Nc6 {[%clk 01:31:24]}
{[%emt 00:00:05]} 3. d4 {[%clk 01:31:43]} {[%emt 00:00:05]} cxd4 {[%clk
01:31:48]} {[%emt 00:00:06]} 4. Nxd4 {[%clk 01:32:10]} {[%emt 00:00:03]} g6
{[%clk 01:31:33]} {[%emt 00:00:45]} 5. Nc3 {[%clk 01:32:33]} {[%emt 00:00:07]}
Bg7 {[%clk 01:31:58]} {[%emt 00:00:05]} 6. Be3 {[%clk 01:32:59]} {[%emt
00:00:04]} Nf6 {[%clk 01:32:22]} {[%emt 00:00:07]} 7. Bc4 {[%clk 01:33:22]}
{[%emt 00:00:07]} O-O {[%clk 01:31:28]} {[%emt 00:01:23]} 8. Bb3 {[%clk
01:33:45]} {[%emt 00:00:07]} d6 {[%clk 01:31:51]} {[%emt 00:00:07]} 9. f3
{[%clk 01:31:37]} {[%emt 00:02:38]} Bd7 {[%clk 01:32:14]} {[%emt 00:00:07]} 10.
Qd2 {[%clk 01:31:59]} {[%emt 00:00:08]} Nxd4 {[%clk 01:32:36]} {[%emt
00:00:08]} 11. Bxd4 {[%clk 01:32:23]} {[%emt 00:00:05]} b5 {[%clk 01:33:01]}
{[%emt 00:00:06]} 12. O-O {[%clk 01:09:00]} {[%emt 00:23:52]} a5 {[%clk
01:28:25]} {[%emt 00:05:07]} 13. a3 {[%clk 01:04:33]} {[%emt 00:04:57]} Rb8
{[%clk 01:25:08]} {[%emt 00:03:46]} 14. Rfe1 {[%clk 01:03:42]} {[%emt
00:01:21]} a4 {[%clk 01:17:15]} {[%emt 00:08:24]} 15. Ba2 {[%clk 01:04:01]}
{[%emt 00:00:11]} b4 {[%clk 01:16:54]} {[%emt 00:00:52]} 16. axb4 {[%clk
00:50:51]} {[%emt 00:13:40]} Rxb4 {[%clk 01:17:08]} {[%emt 00:00:15]} 17. Nd5
{[%clk 00:39:22]} {[%emt 00:11:59]} Rxd4 {[%clk 01:08:28]} {[%emt 00:09:10]} 18.
Qxd4 {[%clk 00:39:46]} {[%emt 00:00:06]} Nxd5 {[%clk 01:08:47]} {[%emt
00:00:12]} 19. Qxd5 {[%clk 00:40:11]} {[%emt 00:00:05]} Bxb2 {[%clk 01:09:09]}
{[%emt 00:00:07]} 20. Qd1 {[%clk 00:26:07]} {[%emt 00:14:34]} Bxa1 {[%clk
01:07:05]} {[%emt 00:02:34]} 21. Qxa1 {[%clk 00:26:33]} {[%emt 00:00:04]} Qb6+
{[%clk 01:03:32]} {[%emt 00:04:04]} 22. Kh1 {[%clk 00:26:56]} {[%emt 00:00:07]}
Rc8 {[%clk 01:03:29]} {[%emt 00:00:31]} 23. c4 {[%clk 00:22:14]} {[%emt
00:05:12]} Qc5 {[%clk 00:48:12]} {[%emt 00:15:47]} 24. e5 {[%clk 00:17:44]}
{[%emt 00:05:01]} dxe5 {[%clk 00:44:24]} {[%emt 00:04:19]} 25. Rxe5 {[%clk
00:18:05]} {[%emt 00:00:09]} Qa3 {[%clk 00:43:43]} {[%emt 00:01:09]} 26. c5
{[%clk 00:13:06]} {[%emt 00:05:30]} e6 {[%clk 00:44:09]} {[%emt 00:00:04]} 27.
h4 {[%clk 00:11:07]} {[%emt 00:02:29]} Rxc5 {[%clk 00:38:25]} {[%emt 00:06:14]}
28. Rxc5 {[%clk 00:11:28]} {[%emt 00:00:09]} Qxc5 {[%clk 00:38:53]} {[%emt
00:00:02]} 29. Qf6 {[%clk 00:11:19]} {[%emt 00:00:40]} Bc6 {[%clk 00:34:58]}
{[%emt 00:04:24]} 30. Kh2 {[%clk 00:08:46]} {[%emt 00:03:03]} Qf5 {[%clk
00:28:14]} {[%emt 00:07:13]} 31. Qd8+ {[%clk 00:08:48]} {[%emt 00:00:30]} Kg7
{[%clk 00:28:35]} {[%emt 00:00:09]} 32. Qd4+ {[%clk 00:07:45]} {[%emt
00:01:33]} e5 {[%clk 00:25:18]} {[%emt 00:03:46]} 0-1

[Event "European Chess Club Cup 2023"]
[Site "Durres, Albania"]
[Date "2023.10.07"]
[Round "7.48"]
[White "Friedrich, Norbert"]
[Black "Dahdah, Nagib"]
[Result "1/2-1/2"]
[TimeControl "90' + 30' & 30\""]
[WhiteElo "2193"]
[BlackElo "2073"]

1. e4 {[%clk 01:30:56]} {[%emt 00:00:03]} e5 {[%clk 01:30:51]} {[%emt
00:00:09]} 2. Nf3 {[%clk 01:31:11]} {[%emt 00:00:16]} Nc6 {[%clk 01:31:10]}
{[%emt 00:00:11]} 3. Bb5 {[%clk 01:31:22]} {[%emt 00:00:19]} a6 {[%clk
01:31:27]} {[%emt 00:00:12]} 4. Ba4 {[%clk 01:31:44]} {[%emt 00:00:09]} f5
{[%clk 01:31:37]} {[%emt 00:00:19]} 5. d4 {[%clk 01:30:40]} {[%emt 00:01:35]}
exd4 {[%clk 01:30:46]} {[%emt 00:01:21]} 6. e5 {[%clk 01:30:39]} {[%emt
00:00:31]} Bc5 {[%clk 01:29:03]} {[%emt 00:02:12]} 7. O-O {[%clk 01:30:28]}
{[%emt 00:00:42]} Nge7 {[%clk 01:26:58]} {[%emt 00:02:35]} 8. Bb3 {[%clk
01:24:46]} {[%emt 00:06:12]} Na5 {[%clk 01:10:56]} {[%emt 00:16:31]} 9. Nxd4
{[%clk 01:14:10]} {[%emt 00:11:07]} Nxb3 {[%clk 01:10:58]} {[%emt 00:00:28]} 10.
Nxb3 {[%clk 01:13:40]} {[%emt 00:01:00]} Ba7 {[%clk 01:10:35]} {[%emt
00:00:53]} 11. Qh5+ {[%clk 01:12:06]} {[%emt 00:02:05]} Kf8 {[%clk 01:08:50]}
{[%emt 00:02:15]} 12. Bg5 {[%clk 01:10:25]} {[%emt 00:02:10]} d6 {[%clk
01:03:42]} {[%emt 00:05:38]} 13. exd6 {[%clk 01:09:52]} {[%emt 00:01:04]} Qxd6
{[%clk 01:03:30]} {[%emt 00:00:41]} 14. Rd1 {[%clk 00:38:06]} {[%emt 00:32:16]}
Qg6 {[%clk 01:00:53]} {[%emt 00:03:07]} 15. Qh4 {[%clk 00:37:53]} {[%emt
00:00:43]} Nc6 {[%clk 01:00:05]} {[%emt 00:01:18]} 16. Nc3 {[%clk 00:35:21]}
{[%emt 00:03:03]} Be6 {[%clk 00:55:30]} {[%emt 00:05:05]} 17. Ne2 {[%clk
00:34:12]} {[%emt 00:01:38]} Re8 {[%clk 00:45:55]} {[%emt 00:10:05]} 18. Nf4
{[%clk 00:28:56]} {[%emt 00:05:47]} Qf7 {[%clk 00:44:58]} {[%emt 00:01:27]} 19.
Re1 {[%clk 00:28:26]} {[%emt 00:01:00]} Kg8 {[%clk 00:39:05]} {[%emt 00:06:23]}
20. Qg3 {[%clk 00:20:28]} {[%emt 00:08:29]} h6 {[%clk 00:33:15]} {[%emt
00:06:20]} 21. Nxe6 {[%clk 00:20:21]} {[%emt 00:00:36]} Rxe6 {[%clk 00:33:27]}
{[%emt 00:00:17]} 22. Bd2 {[%clk 00:17:10]} {[%emt 00:03:42]} Rg6 {[%clk
00:32:20]} {[%emt 00:01:36]} 23. Qf3 {[%clk 00:16:40]} {[%emt 00:01:01]} Kh7
{[%clk 00:31:58]} {[%emt 00:00:52]} 24. Bc3 {[%clk 00:13:04]} {[%emt 00:04:06]}
Rf8 {[%clk 00:29:22]} {[%emt 00:03:05]} 25. Rad1 {[%clk 00:12:46]} {[%emt
00:00:48]} Rg5 {[%clk 00:26:29]} {[%emt 00:03:24]} 26. Rd5 {[%clk 00:10:14]}
{[%emt 00:03:02]} Rg6 {[%clk 00:20:01]} {[%emt 00:06:58]} 27. a3 {[%clk
00:08:54]} {[%emt 00:01:50]} Re6 {[%clk 00:15:35]} {[%emt 00:04:56]} 28. Rxe6
{[%clk 00:06:45]} {[%emt 00:02:39]} Qxe6 {[%clk 00:15:55]} {[%emt 00:00:11]} 29.
Qd3 {[%clk 00:06:25]} {[%emt 00:00:49]} Rf7 {[%clk 00:14:36]} {[%emt 00:01:48]}
30. Kf1 {[%clk 00:05:52]} {[%emt 00:01:04]} Bb6 {[%clk 00:09:21]} {[%emt
00:05:45]} 31. Nd2 {[%clk 00:05:14]} {[%emt 00:01:08]} g6 {[%clk 00:06:52]}
{[%emt 00:03:00]} 32. Nf3 {[%clk 00:04:49]} {[%emt 00:00:54]} Re7 {[%clk
00:06:30]} {[%emt 00:00:53]} 33. Ng5+ {[%clk 00:03:36]} {[%emt 00:01:42]} hxg5
{[%clk 00:06:19]} {[%emt 00:00:41]} 34. Qh3+ {[%clk 00:04:02]} {[%emt
00:00:04]} Kg8 {[%clk 00:06:39]} {[%emt 00:00:11]} 35. Qh8+ {[%clk 00:04:27]}
{[%emt 00:00:05]} Kf7 {[%clk 00:06:50]} {[%emt 00:00:19]} 36. Qg7+ {[%clk
00:04:52]} {[%emt 00:00:05]} Ke8 {[%clk 00:07:06]} {[%emt 00:00:13]} 37. Qh8+
{[%clk 00:05:18]} {[%emt 00:00:04]} Kf7 {[%clk 00:07:25]} {[%emt 00:00:10]} 38.
Qg7+ {[%clk 00:05:39]} {[%emt 00:00:10]} Ke8 {[%clk 00:07:49]} {[%emt
00:00:06]} 39. Qh8+ {[%clk 00:05:59]} {[%emt 00:00:09]} Kf7 {[%clk 00:08:14]}
{[%emt 00:00:06]} 1/2-1/2

[Event "European Chess Club Cup 2023"]
[Site "Durres, Albania"]
[Date "2023.10.07"]
[Round "7.49"]
[White "Gelfand, Boris"]
[Black "Nemeth, Miklos"]
[Result "1-0"]
[TimeControl "90' + 30' & 30\""]
[WhiteElo "2655"]
[BlackElo "2425"]

1. d4 {[%clk 01:30:58]} {[%emt 00:05:51]} Nf6 {[%clk 01:30:54]} {[%emt
00:00:07]} 2. c4 {[%clk 01:31:25]} {[%emt 00:00:03]} e6 {[%clk 01:31:20]}
{[%emt 00:00:04]} 3. Nf3 {[%clk 01:31:51]} {[%emt 00:00:04]} b6 {[%clk
01:31:44]} {[%emt 00:00:06]} 4. g3 {[%clk 01:32:18]} {[%emt 00:00:04]} Bb7
{[%clk 01:32:07]} {[%emt 00:00:07]} 5. Bg2 {[%clk 01:32:43]} {[%emt 00:00:03]}
Be7 {[%clk 01:32:26]} {[%emt 00:00:12]} 6. O-O {[%clk 01:32:47]} {[%emt
00:00:26]} O-O {[%clk 01:32:49]} {[%emt 00:00:07]} 7. Nc3 {[%clk 01:33:15]}
{[%emt 00:00:02]} Ne4 {[%clk 01:33:07]} {[%emt 00:00:12]} 8. Bd2 {[%clk
01:33:41]} {[%emt 00:00:04]} d6 {[%clk 01:32:08]} {[%emt 00:01:28]} 9. Qc2
{[%clk 01:32:54]} {[%emt 00:01:18]} Nxd2 {[%clk 01:28:22]} {[%emt 00:04:16]} 10.
Nxd2 {[%clk 01:32:51]} {[%emt 00:00:33]} Bxg2 {[%clk 01:27:29]} {[%emt
00:01:23]} 11. Kxg2 {[%clk 01:33:12]} {[%emt 00:00:09]} Bf6 {[%clk 01:24:49]}
{[%emt 00:03:10]} 12. Nf3 {[%clk 01:28:10]} {[%emt 00:05:31]} g6 {[%clk
01:19:38]} {[%emt 00:05:42]} 13. h4 {[%clk 01:26:48]} {[%emt 00:01:52]} h5
{[%clk 01:16:56]} {[%emt 00:03:12]} 14. Rfd1 {[%clk 01:06:04]} {[%emt
00:21:14]} Nd7 {[%clk 01:10:20]} {[%emt 00:07:06]} 15. b4 {[%clk 01:02:20]}
{[%emt 00:04:14]} Qe7 {[%clk 01:05:27]} {[%emt 00:05:23]} 16. a4 {[%clk
00:58:09]} {[%emt 00:04:40]} c6 {[%clk 00:59:44]} {[%emt 00:06:14]} 17. a5
{[%clk 00:49:51]} {[%emt 00:08:48]} d5 {[%clk 00:55:27]} {[%emt 00:04:47]} 18.
Qb3 {[%clk 00:44:43]} {[%emt 00:05:38]} Bg7 {[%clk 00:40:23]} {[%emt 00:15:34]}
19. e3 {[%clk 00:37:04]} {[%emt 00:08:09]} Rfc8 {[%clk 00:39:45]} {[%emt
00:01:08]} 20. Rdc1 {[%clk 00:32:25]} {[%emt 00:05:10]} Bf8 {[%clk 00:37:41]}
{[%emt 00:02:33]} 21. axb6 {[%clk 00:27:46]} {[%emt 00:05:09]} axb6 {[%clk
00:37:43]} {[%emt 00:00:28]} 22. Rxa8 {[%clk 00:23:08]} {[%emt 00:05:09]} Rxa8
{[%clk 00:38:07]} {[%emt 00:00:06]} 23. b5 {[%clk 00:23:36]} {[%emt 00:00:01]}
dxc4 {[%clk 00:37:26]} {[%emt 00:01:11]} 24. Qxc4 {[%clk 00:24:01]} {[%emt
00:00:05]} cxb5 {[%clk 00:34:00]} {[%emt 00:03:56]} 25. Qc6 {[%clk 00:21:45]}
{[%emt 00:02:46]} Qd8 {[%clk 00:32:04]} {[%emt 00:02:26]} 26. Nxb5 {[%clk
00:21:51]} {[%emt 00:00:24]} Ra5 {[%clk 00:27:36]} {[%emt 00:04:58]} 27. Qb7
{[%clk 00:17:11]} {[%emt 00:05:10]} Rxb5 {[%clk 00:21:30]} {[%emt 00:06:37]} 28.
Rc8 {[%clk 00:17:35]} {[%emt 00:00:05]} Nc5 {[%clk 00:11:11]} {[%emt 00:10:49]}
29. dxc5 {[%clk 00:15:54]} {[%emt 00:02:12]} bxc5 {[%clk 00:11:37]} {[%emt
00:00:04]} 30. Qa8 {[%clk 00:15:25]} {[%emt 00:00:58]} Qe7 {[%clk 00:12:01]}
{[%emt 00:00:06]} 31. Re8 {[%clk 00:15:44]} {[%emt 00:00:11]} Qd6 {[%clk
00:12:26]} {[%emt 00:00:04]} 32. Rd8 {[%clk 00:15:09]} {[%emt 00:01:06]} Qe7
{[%clk 00:11:28]} {[%emt 00:01:29]} 33. Re8 {[%clk 00:14:00]} {[%emt 00:01:39]}
Qd6 {[%clk 00:11:54]} {[%emt 00:00:04]} 34. Rd8 {[%clk 00:14:27]} {[%emt
00:00:02]} Qe7 {[%clk 00:12:20]} {[%emt 00:00:04]} 35. Ne5 {[%clk 00:14:54]}
{[%emt 00:00:03]} Qb7+ {[%clk 00:10:34]} {[%emt 00:02:16]} 36. Qxb7 {[%clk
00:14:31]} {[%emt 00:00:52]} Rxb7 {[%clk 00:11:00]} {[%emt 00:00:05]} 37. Nd7
{[%clk 00:14:59]} {[%emt 00:00:02]} Kg7 {[%clk 00:08:51]} {[%emt 00:02:39]} 38.
Nxf8 {[%clk 00:14:42]} {[%emt 00:00:48]} Rb2 {[%clk 00:08:23]} {[%emt
00:00:58]} 39. Re8 {[%clk 00:11:30]} {[%emt 00:03:42]} Rd2 {[%clk 00:08:47]}
{[%emt 00:00:06]} 40. Nxe6+ {[%clk 00:11:55]} {[%emt 00:00:05]} fxe6 {[%clk
00:09:14]} {[%emt 00:00:02]} 41. Rxe6 {[%clk 00:12:21]} {[%emt 00:00:04]} c4
{[%clk 00:09:09]} {[%emt 00:00:36]} 42. Rc6 {[%clk 00:10:54]} {[%emt 00:01:56]}
Rc2 {[%clk 00:08:13]} {[%emt 00:01:26]} 43. Kf3 {[%clk 00:09:27]} {[%emt
00:01:57]} c3 {[%clk 00:05:28]} {[%emt 00:03:16]} 44. e4 {[%clk 00:08:49]}
{[%emt 00:01:07]} Rc1 {[%clk 00:05:06]} {[%emt 00:00:51]} 45. Kf4 {[%clk
00:08:41]} {[%emt 00:00:38]} c2 {[%clk 00:05:17]} {[%emt 00:00:19]} 46. Ke5
{[%clk 00:08:18]} {[%emt 00:00:53]} 1-0

[Event "European Chess Club Cup 2023"]
[Site "Durres, Albania"]
[Date "2023.10.07"]
[Round "7.50"]
[White "Bokros, Albert"]
[Black "Rodshtein, Maxim"]
[Result "1/2-1/2"]
[TimeControl "90' + 30' & 30\""]
[WhiteElo "2447"]
[BlackElo "2584"]

1. e4 {[%clk 01:30:57]} {[%emt 00:00:03]} e6 {[%clk 01:30:48]} {[%emt
00:00:13]} 2. d4 {[%clk 01:30:35]} {[%emt 00:00:52]} d5 {[%clk 01:31:12]}
{[%emt 00:00:06]} 3. exd5 {[%clk 01:30:28]} {[%emt 00:00:37]} exd5 {[%clk
01:31:36]} {[%emt 00:00:05]} 4. Bd3 {[%clk 01:30:51]} {[%emt 00:00:07]} Nc6
{[%clk 01:24:56]} {[%emt 00:07:10]} 5. c3 {[%clk 01:29:04]} {[%emt 00:02:17]}
Be6 {[%clk 01:23:35]} {[%emt 00:01:51]} 6. Bf4 {[%clk 01:27:54]} {[%emt
00:01:39]} Qd7 {[%clk 01:22:51]} {[%emt 00:01:15]} 7. Nd2 {[%clk 01:27:54]}
{[%emt 00:00:30]} Nge7 {[%clk 01:17:15]} {[%emt 00:06:05]} 8. Qc2 {[%clk
01:24:19]} {[%emt 00:04:06]} Bf5 {[%clk 01:10:34]} {[%emt 00:07:12]} 9. Ne2
{[%clk 01:12:02]} {[%emt 00:12:46]} O-O-O {[%clk 01:08:58]} {[%emt 00:02:06]}
10. O-O-O {[%clk 01:10:07]} {[%emt 00:02:25]} Bxd3 {[%clk 01:04:34]} {[%emt
00:04:55]} 11. Qxd3 {[%clk 01:07:57]} {[%emt 00:02:39]} Ng6 {[%clk 01:04:40]}
{[%emt 00:00:24]} 12. Bg3 {[%clk 01:07:20]} {[%emt 00:01:06]} h5 {[%clk
01:01:40]} {[%emt 00:03:32]} 13. h3 {[%clk 01:01:53]} {[%emt 00:05:57]} Nce7
{[%clk 00:53:42]} {[%emt 00:08:27]} 14. Nf4 {[%clk 00:57:51]} {[%emt 00:04:32]}
h4 {[%clk 00:49:41]} {[%emt 00:04:32]} 15. Bh2 {[%clk 00:55:08]} {[%emt
00:03:12]} Nxf4 {[%clk 00:47:44]} {[%emt 00:02:27]} 16. Bxf4 {[%clk 00:55:33]}
{[%emt 00:00:06]} Ng6 {[%clk 00:47:48]} {[%emt 00:00:25]} 17. Bh2 {[%clk
00:55:05]} {[%emt 00:00:58]} Bd6 {[%clk 00:46:20]} {[%emt 00:01:58]} 18. Bxd6
{[%clk 00:52:24]} {[%emt 00:03:10]} Qxd6 {[%clk 00:46:46]} {[%emt 00:00:05]} 19.
Qf5+ {[%clk 00:49:01]} {[%emt 00:03:53]} Rd7 {[%clk 00:42:49]} {[%emt
00:04:27]} 20. Nf3 {[%clk 00:43:59]} {[%emt 00:05:32]} Qf4+ {[%clk 00:40:57]}
{[%emt 00:02:23]} 21. Qxf4 {[%clk 00:41:20]} {[%emt 00:03:08]} Nxf4 {[%clk
00:41:22]} {[%emt 00:00:05]} 22. Ne5 {[%clk 00:41:18]} {[%emt 00:00:32]} Re7
{[%clk 00:40:34]} {[%emt 00:01:18]} 23. Nd3 {[%clk 00:41:19]} {[%emt 00:00:29]}
Ng6 {[%clk 00:21:33]} {[%emt 00:19:32]} 24. Rhe1 {[%clk 00:40:45]} {[%emt
00:01:03]} Re4 {[%clk 00:21:06]} {[%emt 00:00:57]} 25. f3 {[%clk 00:38:34]}
{[%emt 00:02:42]} Ree8 {[%clk 00:19:13]} {[%emt 00:02:22]} 26. Kd2 {[%clk
00:38:02]} {[%emt 00:01:01]} Kd7 {[%clk 00:18:23]} {[%emt 00:01:21]} 27. b4
{[%clk 00:34:35]} {[%emt 00:03:57]} b6 {[%clk 00:13:20]} {[%emt 00:05:33]} 28.
a4 {[%clk 00:34:02]} {[%emt 00:01:03]} f6 {[%clk 00:13:18]} {[%emt 00:00:33]}
29. Ra1 {[%clk 00:32:54]} {[%emt 00:01:37]} Ne7 {[%clk 00:10:05]} {[%emt
00:03:43]} 30. b5 {[%clk 00:30:21]} {[%emt 00:03:03]} g5 {[%clk 00:07:47]}
{[%emt 00:02:49]} 1/2-1/2

[Event "European Chess Club Cup 2023"]
[Site "Durres, Albania"]
[Date "2023.10.07"]
[Round "7.51"]
[White "Zanan, Evgeny"]
[Black "Borhy, Marcell"]
[Result "1-0"]
[TimeControl "90' + 30' & 30\""]
[WhiteElo "2465"]
[BlackElo "2390"]

1. e4 {[%clk 01:30:57]} {[%emt 00:00:03]} c5 {[%clk 01:30:43]} {[%emt
00:00:17]} 2. c3 {[%clk 01:31:21]} {[%emt 00:00:07]} Nf6 {[%clk 01:30:01]}
{[%emt 00:01:11]} 3. e5 {[%clk 01:30:24]} {[%emt 00:01:28]} Nd5 {[%clk
01:30:20]} {[%emt 00:00:11]} 4. Nf3 {[%clk 01:30:47]} {[%emt 00:00:07]} Nc6
{[%clk 01:30:39]} {[%emt 00:00:11]} 5. Bc4 {[%clk 01:31:11]} {[%emt 00:00:06]}
Nb6 {[%clk 01:28:36]} {[%emt 00:02:32]} 6. Bb3 {[%clk 01:28:13]} {[%emt
00:03:30]} d5 {[%clk 01:27:25]} {[%emt 00:01:40]} 7. exd6 {[%clk 01:28:26]}
{[%emt 00:00:18]} Qxd6 {[%clk 01:27:35]} {[%emt 00:00:19]} 8. O-O {[%clk
01:25:33]} {[%emt 00:03:22]} Bf5 {[%clk 01:16:12]} {[%emt 00:11:54]} 9. d4
{[%clk 01:18:42]} {[%emt 00:07:21]} cxd4 {[%clk 01:14:11]} {[%emt 00:02:32]} 10.
Nxd4 {[%clk 01:17:40]} {[%emt 00:01:31]} Nxd4 {[%clk 01:08:19]} {[%emt
00:06:21]} 11. cxd4 {[%clk 01:13:51]} {[%emt 00:04:20]} g6 {[%clk 01:05:19]}
{[%emt 00:03:30]} 12. Re1 {[%clk 01:07:23]} {[%emt 00:06:57]} Bg7 {[%clk
00:57:47]} {[%emt 00:08:02]} 13. Bg5 {[%clk 01:05:49]} {[%emt 00:02:05]} Bf6
{[%clk 00:54:10]} {[%emt 00:04:08]} 14. Bxf6 {[%clk 01:03:14]} {[%emt
00:03:04]} Qxf6 {[%clk 00:54:31]} {[%emt 00:00:08]} 15. Nc3 {[%clk 01:03:33]}
{[%emt 00:00:12]} O-O {[%clk 00:53:05]} {[%emt 00:01:54]} 16. Qf3 {[%clk
01:03:30]} {[%emt 00:00:34]} Rad8 {[%clk 00:50:36]} {[%emt 00:02:59]} 17. Qxb7
{[%clk 00:46:23]} {[%emt 00:17:37]} Rd7 {[%clk 00:50:49]} {[%emt 00:00:17]} 18.
Qa6 {[%clk 00:43:21]} {[%emt 00:03:33]} Qxd4 {[%clk 00:49:35]} {[%emt
00:01:44]} 19. Rad1 {[%clk 00:43:32]} {[%emt 00:00:19]} Bd3 {[%clk 00:48:38]}
{[%emt 00:01:26]} 20. Qa5 {[%clk 00:43:42]} {[%emt 00:00:21]} Rfd8 {[%clk
00:22:31]} {[%emt 00:26:37]} 21. Qg5 {[%clk 00:30:02]} {[%emt 00:14:09]} Qf6
{[%clk 00:20:33]} {[%emt 00:02:28]} 22. Qxf6 {[%clk 00:25:12]} {[%emt
00:05:21]} exf6 {[%clk 00:20:59]} {[%emt 00:00:04]} 23. f3 {[%clk 00:24:42]}
{[%emt 00:01:00]} f5 {[%clk 00:18:53]} {[%emt 00:02:36]} 24. Rd2 {[%clk
00:16:54]} {[%emt 00:08:18]} Ba6 {[%clk 00:12:38]} {[%emt 00:06:44]} 25. Rxd7
{[%clk 00:16:37]} {[%emt 00:00:47]} Rxd7 {[%clk 00:13:07]} {[%emt 00:00:02]} 26.
Rd1 {[%clk 00:16:48]} {[%emt 00:00:20]} Rxd1+ {[%clk 00:11:36]} {[%emt
00:02:01]} 27. Bxd1 {[%clk 00:17:13]} {[%emt 00:00:05]} Kg7 {[%clk 00:11:20]}
{[%emt 00:00:45]} 28. f4 {[%clk 00:17:12]} {[%emt 00:00:31]} Kf6 {[%clk
00:10:09]} {[%emt 00:01:40]} 29. Kf2 {[%clk 00:17:26]} {[%emt 00:00:16]} g5
{[%clk 00:10:08]} {[%emt 00:00:31]} 30. g3 {[%clk 00:17:12]} {[%emt 00:00:45]}
gxf4 {[%clk 00:04:26]} {[%emt 00:06:12]} 31. gxf4 {[%clk 00:17:36]} {[%emt
00:00:05]} Bb7 {[%clk 00:03:08]} {[%emt 00:01:48]} 32. Be2 {[%clk 00:15:47]}
{[%emt 00:02:20]} Nd7 {[%clk 00:03:14]} {[%emt 00:00:24]} 33. Ke3 {[%clk
00:15:57]} {[%emt 00:00:20]} Nc5 {[%clk 00:03:09]} {[%emt 00:00:35]} 34. b4
{[%clk 00:15:12]} {[%emt 00:01:15]} Ne4 {[%clk 00:02:21]} {[%emt 00:01:17]} 35.
Nb5 {[%clk 00:09:57]} {[%emt 00:05:46]} Ba6 {[%clk 00:01:16]} {[%emt 00:01:35]}
36. Nxa7 {[%clk 00:10:00]} {[%emt 00:00:28]} Bxe2 {[%clk 00:01:44]} {[%emt
00:00:01]} 37. Kxe2 {[%clk 00:10:24]} {[%emt 00:00:06]} Nc3+ {[%clk 00:02:09]}
{[%emt 00:00:04]} 38. Kd3 {[%clk 00:08:59]} {[%emt 00:01:56]} Nxa2 {[%clk
00:02:30]} {[%emt 00:00:10]} 39. b5 {[%clk 00:07:17]} {[%emt 00:02:12]} Ke6
{[%clk 00:02:50]} {[%emt 00:00:09]} 40. Kc4 {[%clk 00:07:43]} {[%emt 00:00:04]}
Nc1 {[%clk 00:01:19]} {[%emt 00:02:01]} 41. b6 {[%clk 00:25:35]} {[%emt
00:12:37]} Kd7 {[%clk 00:22:34]} {[%emt 00:09:15]} 42. Kb5 {[%clk 00:24:32]}
{[%emt 00:01:34]} Nd3 {[%clk 00:09:33]} {[%emt 00:13:31]} 43. Nc6 {[%clk
00:24:15]} {[%emt 00:00:47]} Kc8 {[%clk 00:09:45]} {[%emt 00:00:18]} 44. Ka6
{[%clk 00:22:31]} {[%emt 00:02:13]} Nc5+ {[%clk 00:10:04]} {[%emt 00:00:11]} 45.
Ka7 {[%clk 00:22:57]} {[%emt 00:00:05]} Kd7 {[%clk 00:10:18]} {[%emt 00:00:16]}
46. Ne5 {[%clk 00:16:56]} {[%emt 00:06:31]} Ke6 {[%clk 00:07:15]} {[%emt
00:03:32]} 47. Nd3 {[%clk 00:14:28]} {[%emt 00:02:59]} Nxd3 {[%clk 00:07:30]}
{[%emt 00:00:15]} 48. b7 {[%clk 00:14:54]} {[%emt 00:00:04]} Nb4 {[%clk
00:07:56]} {[%emt 00:00:04]} 49. Kb6 {[%clk 00:15:18]} {[%emt 00:00:06]} Nd5+
{[%clk 00:08:21]} {[%emt 00:00:05]} 50. Ka5 {[%clk 00:14:51]} {[%emt 00:00:57]}
Ne7 {[%clk 00:06:20]} {[%emt 00:02:30]} 51. Kb5 {[%clk 00:15:13]} {[%emt
00:00:09]} 1-0

[Event "European Chess Club Cup 2023"]
[Site "Durres, Albania"]
[Date "2023.10.07"]
[Round "7.52"]
[White "Varga, Zoltan"]
[Black "Bronstein, Or"]
[Result "0-1"]
[TimeControl "90' + 30' & 30\""]
[WhiteElo "2356"]
[BlackElo "2433"]

1. e4 {[%clk 01:30:58]} {[%emt 00:00:01]} c5 {[%clk 01:30:52]} {[%emt
00:00:08]} 2. Nf3 {[%clk 01:31:18]} {[%emt 00:00:09]} d6 {[%clk 01:30:54]}
{[%emt 00:00:29]} 3. d4 {[%clk 01:31:42]} {[%emt 00:00:07]} cxd4 {[%clk
01:31:20]} {[%emt 00:00:04]} 4. Qxd4 {[%clk 01:32:03]} {[%emt 00:00:08]} Nc6
{[%clk 01:31:39]} {[%emt 00:00:11]} 5. Bb5 {[%clk 01:32:21]} {[%emt 00:00:11]}
a6 {[%clk 01:30:40]} {[%emt 00:01:30]} 6. Bxc6+ {[%clk 01:32:14]} {[%emt
00:00:37]} bxc6 {[%clk 01:31:09]} {[%emt 00:00:02]} 7. O-O {[%clk 01:31:11]}
{[%emt 00:01:33]} e5 {[%clk 01:29:38]} {[%emt 00:02:01]} 8. Qe3 {[%clk
01:31:00]} {[%emt 00:00:41]} Ne7 {[%clk 01:23:59]} {[%emt 00:06:09]} 9. Rd1
{[%clk 01:26:34]} {[%emt 00:04:55]} Ng6 {[%clk 01:22:23]} {[%emt 00:02:07]} 10.
c4 {[%clk 01:26:59]} {[%emt 00:00:05]} Qc7 {[%clk 01:19:37]} {[%emt 00:03:15]}
11. Nc3 {[%clk 01:27:16]} {[%emt 00:00:12]} Be7 {[%clk 01:19:23]} {[%emt
00:00:45]} 12. b3 {[%clk 01:26:50]} {[%emt 00:00:57]} O-O {[%clk 01:13:12]}
{[%emt 00:06:41]} 13. Ba3 {[%clk 01:26:40]} {[%emt 00:00:39]} d5 {[%clk
01:10:45]} {[%emt 00:02:58]} 14. Bxe7 {[%clk 01:21:18]} {[%emt 00:05:52]} d4
{[%clk 01:11:13]} {[%emt 00:00:02]} 15. Qg5 {[%clk 01:20:18]} {[%emt 00:01:30]}
f6 {[%clk 01:09:35]} {[%emt 00:02:08]} 16. Qd2 {[%clk 01:20:10]} {[%emt
00:00:38]} Qxe7 {[%clk 01:09:23]} {[%emt 00:00:42]} 0-1